00742nam a2200217Ii 45000010005000000030009000050080041000140400033000550410008000880820013000961000030001092450026001392640059001653000012002243360026002363370028002623380027002909400050003179990017003679520140003847337CO-ViMGA241108s9999||||xx |||||||||||||| ||und|| aCO-ViMGAbspaerdacCO-ViMGA0 aunk04a870-S2671 aPaolo Savi-López95651010aOrígenes neolatinos 1a[Lugar de publicación no identificado] : Labor, 1935 avolumen atextbtxt2rdacontent aunmediatedbn2rdamedia avolumebnc2rdacarrier aidficha_siabuc: 7166. -- ficha_no_siabuc:7337 c54542d54542 001040708001aMEVIGERRbMEVIGERRcGENd2006-11-27hVol.1o870-S267pECA6661r2024-11-26 10:41:30tEj.1w2024-11-26yBKz7166 | 10058